LEADER 03609nam a2200469 u 4500 001 000000022809 003 CaOOAMICUS 005 20120214102353.0 008 950216s1865 fr u000 u lat r 035 $a10574107 040 $aLNT$bita$cLNT$dCU$dPUL(R) 100 0 $aCassiodorus,$cSenator,$dca. 487-ca. 580.$0(OLS)http://pul/name/9543 245 10$aMagni Aurelii Cassiodori Senatoris, viri patricii, consularis, et vivariensis abbatis Opera omnia in duos tomos distributa, ad fidem manuscriptorum codicum emendata et aucta, notis, observationibus et indicibus locupletata, praecedente auctoris vita, quae nunc primum in lucem prodit cum dissertatione de ejus monachatu /$copera et studio J. Garetii ... ; nobis autem curantibus accesserunt Complexiones in Epistolas b. Pauli quas edidit et annotavit Scipio Maffeius ; praecedunt Vigilii papae, Gildae Sapientis et Pelagii papae scripta universa ex Mansi et Gallandio mutuata ; accurante J.-P. Migne. 260 $aLutetiae Parisiorum :$bexcudebatur et venit apud J.-P. Migne editorem,$c1865. 300 $a2 v. ;$c28 cm 490 1 $aPatrologiae cursus completus.$aSeries latina ;$v69-70 500 $aIn testa al front. del vol. 1: Traditio catholica. Saeculum VI. Anni 555-560; v. 2: Traditio catholica. Saeculum VI. Annus 560. 500 $aTitolo del vol. 2: ... Magni Aurelii Cassiodori Senatoris ... Opera omnia ... Nobis autem curantibus accesserunt Complexiones in Epistolas b. Pauli quas edidit et annotavit Scipio Maffeius. Accurante J.-P. Migne. 700 1 $aMigne, Jacques Paul,$csac.,$d1800-1875.$0(OLS)http://pul/name/4478 700 1 $aGaret, Jean,$cC.R.S.A.,$dm. 1571.$0(OLS)http://pul/name/72425 700 0 $aVigilius PP.,$d555.$0(OLS)http://pul/name/79523 700 0 $aGildas,$cs.,$dc. 504-570.$0(OLS)http://pul/name/79524 700 0 $aPelagius PP.$bI,$dm. 560.$0(OLS)http://pul/name/2634 700 02$aCassiodorus,$cSenator,$dca. 487-ca. 580.$tOpera omnia.$0(OLS)http://pul/nameTitle/1194$0(OLS)http://pul/name/9543$0(OLS)http://pul/title/2415 830 0$aPatrologiae cursus completus.$pSeries latina ;$v69-70.$0(OLS)http://pul/title/6387 850 $aPUL 852 $aPUL$W1$xSL Cons. Gen., Altre Classi 1$y1$m2001 A 1.69$j31988$nBK-PRI$av.1$qStampati$B31988$CPULBib$Z2$F31988 $H17016 $82 852 $aPUL$W1$xSL Cons. Gen., Altre Classi 1$y1$m2001 A 1.70$j144650$nBK-PRI$av.2$qStampati$B31989$CPULBib$Z2$F31989 $82 900 $aCassiodorus, Flavius Magnus Aurelius,$cSenator,$dca. 487-ca. 580$99543 900 $aAurelius Cassiodorus,$dca. 487-ca. 580$99543 900 $aCassiodoro,$dca. 487-ca. 580$99543 900 $aCassiodorus, Flavius Magnus Aurelius,$cSenator,$dca. 487-ca. 580$99543 900 $aAurelius Cassiodorus,$dca. 487-ca. 580$99543 900 $aCassiodoro,$dca. 487-ca. 580$99543 900 $aVigilio,$cpapa,$d555$979523 900 $aGilda il Sapiente,$cs.,$dc. 504-570$979524 900 $aPelagio$bI,$cpapa,$dm. 560 $92634 910 $aPapi (537-555 : Vigilius PP.)$979523 910 $aPapi (556-561 : Pelagius PP. I)$92634 941 1 $a8 996 $6245$aMagni Aurelii Cassiodori Senatoris, viri patricii, consularis, et vivariensis abbatis Opera omnia in duos tomos distributa, ad fidem manuscriptorum codicum emendata et aucta, notis, observationibus et indicibus locupletata, praecedente auctoris vita, quae nunc primum in lucem prodit cum dissertatione de ejus monachatu$9(OLS)http://pul/title/31750 996 $6260$aLutetiae Parisiorum :$bexcudebatur et venit apud J.-P. Migne editorem$9(OLS)http://pul/publisher/50224 LEADER 01412nam a2200313 u 4500 001 000000022832 003 CaOOAMICUS 005 20070226111153.0 008 950328s1991 it u000 u ita u 020 $a88-394-0468-6 035 $a10574628 040 $aIPA$bita 041 1 $aita$hger 100 1 $aWeder, Hans.$0(OLS)http://pul/name/19345 240 10$aGleichnisse Jesu als Metaphern.$lItaliano.$0(OLS)http://pul/title/31780 245 10$aMetafore del Regno :$ble parabole di Gesł : ricostruzione e interpretazione /$cHans Weder ; edizione italiana con una nota a cura di Vittorio Fusco. 260 $aBrescia :$bPaideia,$c1991. 300 $a388 p. ;$c21 cm 490 1 $aBiblioteca di cultura religiosa ;$v60 630 04$aBiblia.$pN.T.$pEvangelia$xParabole.$0(OLS)http://pul/subject/1972 700 1 $aFusco, Vittorio.$0(OLS)http://pul/name/12733 830 0$aBiblioteca di cultura religiosa (Paideia) ;$v60.$0(OLS)http://pul/title/98 850 $aPUL 852 $aPUL$W1$xSL Religione 1$y3$m9 F 59$j32017$nBK-PRI$b $qStampati$B32017$CPULBib$Z2$F32017 $H $81 941 1 $a8 961 $aINV: 68042 996 $6020$a88-394-0468-6$9(OLS)http://pul/number/28652 996 $6245$aMetafore del Regno :$ble parabole di Gesł : ricostruzione e interpretazione$9(OLS)http://pul/title/31781 996 $6260$aBrescia :$bPaideia$9(OLS)http://pul/publisher/47884